=LDR 00000nam 2200000 4500 =001 INLIS000000000047370 =005 20151023173710.0 =006 =007 =008 =020 ##$$a 979-2458-44-1 =035 ##$$0010-101500000000081 =082 ##$$a 959.8 =090 ##$$a 959.8 ind i =245 ##$$a indonesia transitions =260 ##$$a yogyakarta $b pustaka pelajar $c 2006 =300 ##$$a xiv, 352 hlm $c 21 cm =700 ##$$a Henk Schulte Nordholt =850 ##$$a nbpnmat =990 ##$$a 0001/BPAP-NTB/2015 =990 ##$$a 0001/BPAP-NTB/2015 =990 ##$$a 0001/BPAP-NTB/2016